Okná a dvere Banskej Bystrice = Windows and Doorways of Banská Bystrica /

Gespeichert in:
Bibliographische Detailangaben
1. Verfasser: Bero, Rastislav (Verfasst von, Fotografie)
Format: Buch
Sprache:Slowakisch
Englisch
Veröffentlicht: Banská Bystrica : PRO Banská Bystrica, 2018
Ausgabe:1. vyd.
Schlagworte:
Tags: Tag hinzufügen
Keine Tags, Fügen Sie das erste Tag hinzu!

MARC

LEADER 00000nam a22000003a 4500
001 0096471
003 SK-STU
005 20220720104741.0
007 ta
008 220720s ----xo-----e------000-0-----d
020 |a 978-80-89057-73-3 
040 |a STU  |b slo 
041 0 |a slo  |a eng 
044 |a xo 
100 1 |a Bero, Rastislav  |4 aut  |4 pht 
245 1 0 |a Okná a dvere Banskej Bystrice = Windows and Doorways of Banská Bystrica /  |c aut. Rastislav Bero 
250 |a 1. vyd. 
260 |a Banská Bystrica :  |b PRO Banská Bystrica,  |c 2018 
300 |a 72 s. 
650 0 7 |a fotografie 
650 0 7 |a historické okná 
650 0 7 |a dvere 
650 0 7 |a prezentácia historickej fasády 
996 |b 284AU09380  |c A* 12705/U  |l AA3130  |s P  |a 0  |w 0096471_0001 
996 |b 284AU09381  |c A* 12706/U  |l AA3130  |s P  |a 0  |w 0096471_0002 
996 |b 284AU09382  |c A* 12707/U  |l AAKNST  |s P  |a 0  |w 0096471_0003